| 000 | 00847nam a2200253 a 4500 | ||
|---|---|---|---|
| 001 | 000020058 | ||
| 005 | 20200929170240.0 | ||
| 008 | 100719s1959 sp 001 p spa d | ||
| 040 |
_aDO-SdBNP _bspa _cBNPHU |
||
| 082 |
_a861.6 _bC836t, 1959 |
||
| 100 | 1 |
_aCossío, José María de, _d1892-1977 _942626 |
|
| 245 | 1 | 4 |
_aLos toros en la poesía : _bantología / _cJosé María de Cossío. |
| 250 | _a3a ed. | ||
| 260 |
_aMadrid : _bEspasa-Calpe, _c1959. |
||
| 300 |
_a163 p. ; _c18 cm. |
||
| 490 | 1 |
_aAustral. Violeta: teatro y poesía _v490 |
|
| 504 | _aIncluye referencias bibliográficas y notas al pie de las páginas. | ||
| 500 | _aIncluye índice de autores. | ||
| 650 | 4 |
_aPoesía española _9631 |
|
| 650 | 4 |
_aLiteratura española _9632 |
|
| 830 | 0 |
_aAustral. _pVioleta: teatro y poesía ; _v490 _939559 |
|
| 910 | _aWM | ||
| 049 | _aBNGR | ||
| 999 |
_c19566 _d19566 |
||